| 000 | 00000nam##2200000za#4500 |
| 001 | 9.696349 |
| 003 | CaOODSP |
| 005 | 20210624235007 |
| 007 | cr ||||||||||| |
| 008 | 150407|2000||||xxc|||||o f|0| 0 eng|d |
| 040 | |aCaOODSP|beng |
| 043 | |an-cn--- |
| 086 | 1 |aH21-155/2000E-PDF |
| 110 | 1 |aCanada. |bHealth Canada. |
| 245 | 10|aTo share and to learn : |h[electronic resource]|bthe case for Canadians to act globally against HIV/AIDS / |c[issued by] International Affairs Directorate. |
| 246 | 1 |iOn title page : |aCanadian Strategy on HIV/AIDS, international collaboration |
| 260 | |aOttawa - Ontario : |bHealth Canada |cc2000. |
| 300 | |a46p.|breferences |
| 500 | |aThe catalogue number (H21-155/2000E) and ISBN (0-662-29065-8) for the print edition have been incorrectly copied in this electronic publication. |
| 520 | 3 |a"The case for Canadians to act globally against HIV/AIDS has been designed to be adaptable to, and appropriate for, several different audience. From government policy makers, members of NGOs, academics and media professionals, to fund development personnel, economists, board members and business leaders, many individuals can benefit from the information presented in the Case" --Introduction, p.6 of 46. |
| 590 | |a12-30-Supp|b2012-06-28 |
| 690 | 07|aHealth policy|2gcpds |
| 690 | 07|aAIDS (disease)|2gcpds |
| 775 | 08|tPartager et s'instruire : |w(CaOODSP)9.640466 |
| 776 | 0#|tTo share and to learn: the case for Canadians to act globally against HIV/AIDS |w(CaOODSP)9.647782 |
| 856 | 40|ahttp://publications.gc.ca|qPDF|s339 KB|uhttps://publications.gc.ca/collections/Collection/H21-155-2000E.pdf |